000 00513nam a2200205Ia 4500
003 GCL
008 140319s9999 xx 000 0 ara d
020 _a1842122231
040 _aGCL /
_cGCL
082 0 4 _a940.18
_bOC
100 1 _aOLDENBOURG,ZOE
245 1 0 _aTHE CRUSADES /
_cOLDENBOURG,ZOE
260 _a[S.N] :
_bPHOENIX HOUSE ،
_c2001
300 _a650 P ؛
_c24 cm.
650 0 4 _aJERUSALEM - HISTORY
650 0 4 _aCRUSADES
650 0 4 _aSYRIA - HISTORY
650 0 4 _aMIDDLE AGES
942 _2ddc
_cBK
999 _c6553
_d6553